| 000 | 01246nam a2200313 i 4500 | ||
|---|---|---|---|
| 001 | 000021472 | ||
| 003 | DO-SdBNP | ||
| 005 | 20250130094124.0 | ||
| 007 | ta | ||
| 008 | 100308s1987 dr a r 000 0 spa d | ||
| 040 |
_aDO-SdBNP _bspa _cBNPHU _erda |
||
| 082 |
_a372.357 _bR426d, 1987 _222 |
||
| 110 | 1 |
_aRepública Dominicana. _bSecretaría de Estado de Educación, Bellas Artes y Cultos _923965 |
|
| 245 | 1 | 0 |
_aDidáctica de las ciencias naturales / _ccoordinador, Carmen Elena Cruz, Violeta Morales ; ilustración, Julio César Martínez. |
| 264 | 1 |
_aSanto Domingo _bSecretaría de Estado de Educación, Bellas Artes, y Cultos, _c1987. |
|
| 300 |
_a237 páginas : _bilustraciones ; _c24 cm. |
||
| 336 |
_atexto _btxt _2rdacontent |
||
| 337 |
_asin mediación _bn _2rdamedia |
||
| 338 |
_avolumen _bnc _2rdacarrier |
||
| 504 | _aBibliografía : páginas 236-237. | ||
| 590 | _aInventariado, 2018/BT | ||
| 650 | 4 |
_aCiencias naturales _xEnseñanza _925754 |
|
| 650 | 4 |
_aPedagogía _9693 |
|
| 700 | 1 |
_aCruz, Carmen Elena, _ecoordinador _4coord. _936937 |
|
| 700 | 1 |
_aMorales, Violeta, _ecoordinador _936938 _4coord. |
|
| 700 | 1 |
_aMartínez, Julio César, _eilustrador _91263 _4il. |
|
| 910 | _aValidado. Control de calidad. EMS | ||
| 942 |
_2ddc _cLBS1 |
||
| 999 |
_c20972 _d20972 |
||